| 000 -LEADER |
| fixed length control field |
01428nam a2200349 a 4500 |
| 003 - CONTROL NUMBER IDENTIFIER |
| control field |
OSt |
| 005 - DATE AND TIME OF LATEST TRANSACTION |
| control field |
20231127115719.0 |
| 008 - FIXED-LENGTH DATA ELEMENTS--GENERAL INFORMATION |
| fixed length control field |
120629s2012 nyua j 6 000 f eng d |
| 020 ## - INTERNATIONAL STANDARD BOOK NUMBER |
| International Standard Book Number |
9781597073745 |
| 020 ## - INTERNATIONAL STANDARD BOOK NUMBER |
| International Standard Book Number |
9781597073196 |
| 040 ## - CATALOGING SOURCE |
| Modifying agency |
KH8 |
| Language of cataloging |
eng |
| Transcribing agency |
CaOL |
| 082 ## - DEWEY DECIMAL CLASSIFICATION NUMBER |
| Classification number |
741.5 STI |
| 100 1# - MAIN ENTRY--PERSONAL NAME |
| Personal name |
Stilton, Gerónimo. |
| Relator term |
Author |
| 245 10 - TITLE STATEMENT |
| Title |
Geronimo Stilton. |
| Name of part/section of a work |
Geronimo Stilton saves the Olympics / |
| Statement of responsibility, etc. |
by Geronimo Stilton ; [illustrations by Federica Salfo and color by Mirka Andolfo ; translation by Nanette McGuinness]. |
| 246 30 - VARYING FORM OF TITLE |
| Title proper/short title |
Geronimo Stilton saves the Olympics. |
| 246 18 - VARYING FORM OF TITLE |
| Title proper/short title |
Geronimo Stilton graphic novel. |
| Name of part/section of a work |
Geronimo Stilton saves the Olympics. |
| 260 ## - PUBLICATION, DISTRIBUTION, ETC. |
| Place of publication, distribution, etc. |
New York : |
| Name of publisher, distributor, etc. |
Papercutz, |
| Date of publication, distribution, etc. |
c2012. |
| 300 ## - PHYSICAL DESCRIPTION |
| Extent |
54 p. : |
| Other physical details |
chiefly col. ill. ; |
| Dimensions |
24 cm. |
| 490 1# - SERIES STATEMENT |
| Series statement |
Geronimo Stilton graphic novel : |
| Volume/sequential designation |
#10. |
| 500 ## - GENERAL NOTE |
| General note |
Translation of : Hai salvato le Olimpiadi, Stilton! |
| 520 ## - SUMMARY, ETC. |
| Summary, etc. |
Geronimo and his friends travel back in time to the first modern Olympic Games in 1896 to keep the pirate cats from ruining the Games. |
| 546 ## - LANGUAGE NOTE |
| Language note |
Translated from the Italian. |
| 600 10 - SUBJECT ADDED ENTRY--PERSONAL NAME |
| Personal name |
Stilton, Geronimo |
| Form subdivision |
Juvenile fiction. |
| 650 #0 - SUBJECT ADDED ENTRY--TOPICAL TERM |
| Topical term or geographic name entry element |
Olympics |
| Form subdivision |
Juvenile fiction. |
| 650 #0 - SUBJECT ADDED ENTRY--TOPICAL TERM |
| Topical term or geographic name entry element |
Mice |
| Form subdivision |
Juvenile fiction. |
| 650 #7 - SUBJECT ADDED ENTRY--TOPICAL TERM |
| Topical term or geographic name entry element |
Graphic novels. |
| Source of heading or term |
genre. |
| 651 #0 - SUBJECT ADDED ENTRY--GEOGRAPHIC NAME |
| Geographic name |
Greece |
| Form subdivision |
Juvenile fiction. |
| 700 1# - ADDED ENTRY--PERSONAL NAME |
| Personal name |
Salfo, Federica. |
| 700 1# - ADDED ENTRY--PERSONAL NAME |
| Personal name |
Andolfo, Mirka. |
| 830 #0 - SERIES ADDED ENTRY--UNIFORM TITLE |
| Uniform title |
Geronimo Stilton graphic novel : |
| Volume/sequential designation |
#10. |
| 942 ## - ADDED ENTRY ELEMENTS (KOHA) |
| Source of classification or shelving scheme |
|
| Koha item type |
Books - Fiction |